The illustrations from the works of Andreas Vesalius of Brussels

Saved in:
Bibliografiske detaljer
Main Authors: Saunders, J. B (Author), O'Malley, Charles (Author)
Format: Bog
Sprog:engelsk
Udgivet: Nueva York Dover 1973
Fag:
Tags: Tilføj Tag
Ingen Tags, Vær først til at tagge denne postø!

MARC

LEADER 00000nam a2200000 a 4500
001 UCT0998
003 CL-VaPUC
008 960913e19730000US |||||||||||||||||eng|d
082 0 4 |a 743.43  |b SAU  |2 21 
100 0 |a Saunders, J. B  |e author  |9 369649 
700 0 |a O'Malley, Charles  |e author  |9 369650 
245 1 4 |a The illustrations from the works of Andreas Vesalius of Brussels 
300 |a 248 p 
942 |c BK 
945 |d 19960913 00:00:00  |a rleighto 
260 |a Nueva York  |b Dover  |c 1973 
600 0 7 |a VESALIO, ANDREAS  |2 CL-VaPUC  |9 369651 
650 0 |a Anatomía artística  |9 312615 
650 0 |a Anatomía humana   |9 269546 
650 0 |a Artistas   |9 262026 
650 0 |a Dibujos  |9 264123 
650 0 |a Obras de arte  |9 337253 
583 |a last modification  |c 19960913 00:00:00  |k Rodrigo Vera 
999 |c 251677  |d 251675 
952 |0 0  |1 0  |4 0  |6 743_430000000000000_SAU_1973  |7 0  |8 A  |9 270995  |a BIBARQ  |b BIBARQ  |d 2019-11-19  |i 3230554  |l 1  |o 743.43 SAU 1973  |p 3230554  |r 2025-01-20  |s 2023-08-17  |w 2019-11-19  |y BK  |k ARQ